000 00930nam a22002297a 4500
005 20170713110829.0
010 _a1516EN07
020 _a9789332519060
_c2050.00
035 _aB-668020
037 _aDPL
_bTechniz/Ven
082 _a610.73
100 _aBerman, Audrey
245 _aKozier & Erb's fundamentals of nursing:
_cby Audrey Berman [and] Shirlee Snyder
_bconcepts,process,and practice /
250 _a9th ed
260 _aNew Delhi
_bPearson Education
_c2014
270 _a11 community center, panchsheel park
_bNew Delhi
_e110017
300 _a1659p.
_c28cm(pbk)
_bill.
700 _aShirlee Snyder
942 _2ddc
_cEN
_h610.73
_mBER
999 _c96037
_d96037